[Event "Chennai op 9th"]
[Site "Chennai"]
[Date "2017.01.19"]
[Round "3"]
[White "Singh, DP1111"]
[Black "Abul, Kashem"]
[Result "1-0"]
[WhiteElo "2144"]
[BlackElo "1765"]
[PlyCount "43"]
[EventDate "2017.01.18"]
[EventType "swiss"]
[EventRounds "10"]
[EventCountry "IND"]
[SourceTitle "CBM 176 Extra"]
[Source "ChessBase"]
[SourceDate "2017.03.02"]
[SourceVersion "1"]
[SourceVersionDate "2017.03.02"]
[SourceQuality "1"]

1. d4 Nf6 2. Nf3 d5 3. c4 e6 4. e3 Be7 5. b3 0-0 6. Bd3 Nbd7 7. 0-0 b6 8. Bb2 Bb7 9. Nbd2 Re8 10. Qe2 c5 11. Rad1 Rc8 12. Ne5 Nxe5 13. dxe5 Nd7 14. f4 g6 15. cxd5 exd5 16. f5 Bf8 17. e6 fxe6 18. fxg6 e5 19. Qh5 h6 20. g7 Bxg7 21. Qf7+ Kh8 22. Qg6 1-0

[Event "BAN-chT"]
[Site "Dhaka"]
[Date "2016.11.29"]
[Round "7.4"]
[White "Abul, Kashem"]
[Black "Kishor, Shazzad"]
[Result "1/2-1/2"]
[WhiteElo "1731"]
[BlackElo "1834"]
[PlyCount "67"]
[EventDate "2016.11.23"]
[EventType "team-tourn"]
[EventRounds "9"]
[EventCountry "BAN"]
[SourceTitle "EXT 2018"]
[Source "ChessBase"]
[SourceDate "2017.10.13"]
[SourceVersion "1"]
[SourceVersionDate "2017.10.13"]
[SourceQuality "1"]
[WhiteTeam "Basir Memorial CC"]
[BlackTeam "Mohakhali Pradip Sangah"]
[WhiteTeamCountry "BAN"]
[BlackTeamCountry "BAN"]

1. Nf3 d5 2. d4 e6 3. c4 c6 4. Qc2 Nf6 5. Bg5 Be7 6. Nc3 h6 7. Bh4 Nbd7 8. e3 0-0 9. Bd3 b6 10. 0-0 Bb7 11. Rac1 Rc8 12. Qe2 Ne4 13. Bxe7 Nxc3 14. Rxc3 Qxe7 15. cxd5 cxd5 16. Rfc1 Rxc3 17. Rxc3 Rc8 18. Rxc8+ Bxc8 19. Bb1 Nf6 20. Qc2 Bb7 21. h3 Ne4 22. a3 Qd6 23. Ne5 f6 24. Nd3 Qc6 25. Qd1 a5 26. g3 Qd6 27. Kg2 e5 28. Qh5 exd4 29. exd4 Nd2 30. Bc2 Qe7 31. Nf4 Qe1 32. Bd3 Ne4 33. Qe8+ Kh7 34. Qg6+ 1/2-1/2